| 000 | 01230cam a2200337 i 4500 | ||
|---|---|---|---|
| 001 | 016316157 | ||
| 003 | EG-ScBUE | ||
| 005 | 20241218094735.0 | ||
| 008 | 130327s2013 njua f bd f001 0 eng d | ||
| 020 | _a9780691158075 (pbk.) | ||
| 040 |
_aStDuBDS _beng _erda _cStDuBDS _dUk _dEG-ScBUE |
||
| 082 | 0 | 4 |
_a523.24 _222 _bJAY |
| 100 | 1 |
_aJayawardhana, Ray, _eauthor. _938677 |
|
| 245 | 1 | 0 |
_aStrange new worlds : _bthe search for alien planets and life beyond our solar system / _cwith a new afterword by the author Ray Jayawardhana. |
| 250 | _aFirst edition. | ||
| 264 | 1 |
_aPrinceton ; _aOxford : _bPrinceton University Press, _c2013. |
|
| 300 |
_a261 pages : _billustrations (black and white) ; _c22 cm |
||
| 336 |
_2rdacontent _atext _btxt |
||
| 337 |
_2rdamedia _aunmediated _bn |
||
| 338 |
_2rdacarrier _avolume _bnc |
||
| 500 | _aOriginally published: 2011. | ||
| 500 | _aIncludes glossary. | ||
| 504 | _aIncludes bibliographical references and index. | ||
| 650 | 0 |
_aLife on other planets. _2BUEsh _933669 |
|
| 650 | 7 |
_aExtrasolar planets. _2BUEsh |
|
| 650 | 7 |
_aSolar system. _2BUEsh |
|
| 651 | 7 |
_aOuter space _xExploration. _2BUEsh _96023 |
|
| 653 |
_bENGGEN _cNovember2015 |
||
| 655 | _vReading book | ||
| 942 |
_2ddc _cBB |
||
| 999 |
_c20382 _d20354 |
||